[Event "AUTO-ADV-2199"]
[Site "http://www.queenalice.com/game.php?id=953033"]
[Date "2011.6.23"]
[Round "1"]
[White "avian"]
[Black "Agildo_Santos"]
[Result "0-1"]
[WhiteElo "1807"]
[BlackElo "1750"]

1. d4 d5 2. c4 dxc4 3. Nc3 c6 4. Nf3 Nf6 5. e3 Bf5 6. Bxc4 e6 7. Bd3 Bxd3 8.
Qxd3 Be7 9. O-O O-O 10. e4 Nbd7 11. e5 Nd5 12. Nxd5 cxd5 13. Be3 Rc8 14. Rac1
Qb6 15. b3 Ba3 16. Rxc8 Rxc8 17. Ng5 g6 18. Nf3 Bb4 19. h4 Rc3 20. Qe2 Qc7 21.
Nd2 Rc2 22. Qd3 Rxa2 23. Nf3 Rc2 24. h5 Rc3 25. Qb1 Nb8 26. Bd2 Rxf3 27. Bxb4
Rf4 28. Qb2 Qd8 29. Qd2 Qh4 30. g3 Rg4 31. Kg2 Qxh5 32. Rh1 Qg5 33. Qxg5 Rxg5
34. Rh4 Rh5 35. Rxh5 gxh5 36. Kh3 Kg7 37. Kh4 Kg6 38. g4 hxg4 39. Kxg4 h5+ 40.
Kh4 Nd7 41. f4 f6 42. Bd2 Kf5 43. Kxh5 Ke4 44. Kg6 fxe5 45. dxe5 Nc5 46. Kf6
Nxb3 47. Kxe6 Nxd2 48. Kf6 Nc4 49. e6 Kxf4 50. e7 Nd6 51. Ke6 Ne8 52. Kd7 Ng7
53. Kd8 d4 0-1

[Event "AUTO-OPEN-2397"]
[Site "http://www.queenalice.com/game.php?id=953108"]
[Date "2011.6.23"]
[Round "1"]
[White "brannach"]
[Black "Agildo_Santos"]
[Result "1/2-1/2"]
[WhiteElo "1582"]
[BlackElo "1790"]

1. e3 e5 2. c4 Nf6 3. Nc3 Nc6 4. Nf3 d6 5. Be2 Be7 6. e4 O-O 7. d3 Nd4 8. Nxd4
exd4 9. Nd5 Nxd5 10. cxd5 f5 11. b4 c6 12. dxc6 bxc6 13. Bb2 c5 14. bxc5 dxc5
15. Qb3+ Kh8 16. Bf3 Qa5+ 17. Kf1 Bd7 18. e5 Rab8 19. Qc2 Ba4 20. Qc1 Bb5 21.
Be2 Rb6 22. g3 Bc6 23. Rg1 Bd7 24. f4 Bc6 25. Ba3 Ra6 26. Bb2 Ba4 27. Kf2 Rh6
28. h4 Bc6 29. Bd1 Be8 30. a4 Bh5 31. Bc2 Qb6 32. Ba3 Qb7 33. Bd1 Bxd1 34. Qxd1
Rb6 35. a5 Rb5 36. Rb1 Rb8 37. Rxb5 Qxb5 38. Qd2 Rb7 39. Rc1 a6 40. Rc4 Qb3 41.
Bxc5 Bxc5 42. Rxc5 h6 43. Rc6 Qb5 44. Qc2 Qxa5 45. Rxh6+ gxh6 46. Qc8+ Kg7 47.
Qxb7+ Kg6 48. Kg2 Qd2+ 49. Kh3 Qe2 50. Qe7 Qg4+ 51. Kh2 Qe2+ 52. Kg1 Qe3+ 53.
Kh2 Qf2+ 54. Kh3 Qf1+ 55. Kh2 Qf2+ 56. Kh3 Qf1+ 57. Kh2 Qf2+ 1/2-1/2

[Event "AUTO-OPEN-2397"]
[Site "http://www.queenalice.com/game.php?id=953109"]
[Date "2011.6.23"]
[Round "1"]
[White "Agildo_Santos"]
[Black "brannach"]
[Result "1-0"]
[WhiteElo "1738"]
[BlackElo "1585"]

1. d4 Nf6 2. c4 g6 3. Nc3 d6 4. Nf3 Bg7 5. e3 Nc6 6. Bd3 Nb4 7. O-O Nxd3 8. Qxd3
e6 9. Re1 O-O 10. h4 d5 11. Ng5 c6 12. c5 h6 13. Nh3 Qa5 14. a3 Ne4 15. b4 Qd8
16. Nxe4 dxe4 17. Qxe4 Qd5 18. Qxd5 exd5 19. Bb2 Bxh3 20. gxh3 Bf6 21. h5 Rae8
22. a4 a6 23. b5 axb5 24. axb5 Re4 25. Ra7 Rb8 26. b6 Rh4 27. Kg2 Rxh5 28. Rea1
Bh4 29. Ra8 Rxa8 30. Rxa8+ Kg7 31. Rb8 Rf5 32. f4 g5 33. Bc1 gxf4 34. exf4 Rf6
35. Rxb7 Rg6+ 36. Kf1 Rg3 37. Rc7 Rxh3 38. b7 Rb3 39. Bd2 Rb1+ 40. Ke2 Rb2 41.
Kf3 Rb3+ 42. Kg4 Bf6 43. Ba5 Bxd4 44. Bb6 Bf2 45. Kf5 Rg3 46. b8=Q Rg5+ 47. fxg5
hxg5 48. Rxc6 Be3 49. Qe5+ Kh7 50. Qxe3 Kg7 51. Qxg5+ Kh8 52. Rh6# 1-0

[Event "AUTO-OPEN-2397"]
[Site "http://www.queenalice.com/game.php?id=953130"]
[Date "2011.6.23"]
[Round "1"]
[White "goldenboy"]
[Black "Agildo_Santos"]
[Result "1-0"]
[WhiteElo "2083"]
[BlackElo "1782"]

1. e4 c5 2. f4 d6 3. Nf3 Nc6 4. Bb5 Bd7 5. d4 cxd4 6. Nxd4 e6 7. c3 Nf6 8. Be3
Be7 9. Bxc6 bxc6 10. O-O O-O 11. Nd2 c5 12. N4f3 Ng4 13. Qe2 Rb8 14. b3 a5 15.
Kh1 Nxe3 16. Qxe3 a4 17. Rfd1 h6 18. e5 f6 19. c4 Rb4 20. Ne4 axb3 21. exd6 bxa2
22. dxe7 Qxe7 23. Qxc5 Qxc5 24. Nxc5 Ba4 25. Nxa4 Rxa4 26. Rdc1 Rc8 27. g3 Raxc4
28. Rxc4 Rxc4 29. Rxa2 e5 30. fxe5 fxe5 31. Nxe5 Re4 32. Nf3 Kh7 33. Kg2 g5 34.
Kf2 g4 35. Nh4 h5 36. Ra7+ Kh6 37. Ng2 Rb4 38. Ra2 Kg5 39. Nf4 h4 40. Ra5+ Kf6
41. Nd5+ 1-0

[Event "AUTO-OPEN-2397"]
[Site "http://www.queenalice.com/game.php?id=953131"]
[Date "2011.6.23"]
[Round "1"]
[White "Agildo_Santos"]
[Black "goldenboy"]
[Result "0-1"]
[WhiteElo "1748"]
[BlackElo "2040"]

1. d4 d5 2. c4 c6 3. Nc3 Nf6 4. Bg5 e6 5. Nf3 Nbd7 6. e3 Bb4 7. Bd3 Qa5 8. Qc2
Ne4 9. Bxe4 dxe4 10. Nd2 Bxc3 11. bxc3 Qxg5 12. O-O Nf6 13. f4 exf3 14. Rxf3 O-O
15. Re1 e5 16. e4 Qh4 17. Re2 Bg4 18. dxe5 Nd7 19. Rf4 Qh5 20. Ref2 Nxe5 21. Nb3
Nxc4 22. e5 Be6 23. g3 Rad8 24. Rh4 Qd1+ 25. Kg2 Ne3# 0-1

[Event "AUTO-OPEN-2397"]
[Site "http://www.queenalice.com/game.php?id=953144"]
[Date "2011.6.23"]
[Round "1"]
[White "Agildo_Santos"]
[Black "LeoDZeppelin"]
[Result "1-0"]
[WhiteElo "1742"]
[BlackElo "1784"]

1. d4 d5 2. c4 Nf6 3. Nf3 Bg4 4. e3 e6 5. Bd3 Bb4+ 6. Bd2 Bxd2+ 7. Nbxd2 Nc6 8.
O-O Nb4 9. Nb3 Nxd3 10. Qxd3 Bxf3 11. gxf3 Nh5 12. Kh1 Qh4 13. Nd2 f5 14. f4 g5
15. fxg5 Rg8 16. cxd5 Rxg5 17. Qb5+ c6 18. dxc6 b6 19. c7+ Kf8 20. Rac1 Rc8 21.
Qd7 Nf6 22. Qxc8+ Ne8 23. Qxe8+ Kxe8 24. c8=Q+ Kf7 25. Rc7+ Kg6 26. Qg8+ Kh5 27.
Qxh7+ Kg4 28. Qxh4+ Kxh4 29. Nf3+ 1-0

[Event "AUTO-OPEN-2397"]
[Site "http://www.queenalice.com/game.php?id=953145"]
[Date "2011.6.23"]
[Round "1"]
[White "LeoDZeppelin"]
[Black "Agildo_Santos"]
[Result "1-0"]
[WhiteElo "1844"]
[BlackElo "1773"]

1. e4 c6 2. d4 d5 3. e5 Bf5 4. Bd3 Bxd3 5. Qxd3 e6 6. Nf3 c5 7. Qb5+ Qd7 8. Nc3
Ne7 9. Qxc5 Nf5 10. Qb5 Be7 11. Bg5 a6 12. Qxd7+ Nxd7 13. Bxe7 Nxe7 14. a4 Nb6
15. a5 Nc4 16. b3 Rc8 17. bxc4 Rxc4 18. Ra3 Nf5 19. O-O Nxd4 20. Nxd4 Rxd4 21.
Na4 O-O 22. Nc5 Rc8 23. Rc3 Rc7 24. f3 Rb4 25. Ra1 d4 26. Rb3 Rxb3 27. Nxb3 Rxc2
28. Nxd4 Rc4 29. Ne2 Rb4 30. Rc1 g6 31. Kf2 Rb5 32. Rc7 Rxe5 33. Rxb7 Rxa5 34.
Ra7 1-0

[Event "AUTO-ADV-2200"]
[Site "http://www.queenalice.com/game.php?id=953347"]
[Date "2011.6.24"]
[Round "1"]
[White "lafasouza"]
[Black "Agildo_Santos"]
[Result "0-1"]
[WhiteElo "1693"]
[BlackElo "1760"]

1. d4 d5 2. e3 Nf6 3. Bd2 c5 4. Nc3 e6 5. Nf3 Nc6 6. Bb5 Be7 7. Ne5 Bd7 8. Bxc6
Bxc6 9. dxc5 Bxc5 10. Nxc6 bxc6 11. a3 Bd6 12. O-O O-O 13. b4 a6 14. Re1 Rb8 15.
e4 dxe4 16. Nxe4 Be7 17. Nxf6+ Bxf6 18. c3 Qd7 19. Qe2 c5 20. bxc5 Rb2 21. Rad1
Qc6 22. Qe3 h6 23. Bc1 Rb3 24. Rd3 Rc8 25. c4 Rxd3 26. Qxd3 Qxc5 27. Bf4 e5 28.
Be3 Qxc4 29. Qd2 Rd8 30. Qb4 Qxb4 31. axb4 Rd5 32. g3 a5 33. bxa5 Rxa5 34. h4
Be7 35. f4 exf4 36. Bxf4 Bc5+ 37. Be3 f6 38. Bxc5 Rxc5 39. g4 g5 40. h5 Kf7 41.
Kg2 f5 42. gxf5 Rxf5 43. Kg3 Kf6 44. Rc1 Ke5 45. Rc6 Rf6 46. Rc5+ Kd4 47. Ra5
Ke4 48. Kg4 Rf4+ 49. Kg3 Rf3+ 50. Kh2 Ke3 51. Ra6 Kf2 52. Rxh6 Rf4 53. Rg6 Rh4#
0-1

[Event "AUTO-ADV-2200"]
[Site "http://www.queenalice.com/game.php?id=953348"]
[Date "2011.6.24"]
[Round "1"]
[White "Agildo_Santos"]
[Black "lafasouza"]
[Result "0-1"]
[WhiteElo "1825"]
[BlackElo "1679"]

1. d4 d5 2. c4 e6 3. Nf3 Nc6 4. Nc3 Bb4 5. Bf4 Bxc3+ 6. bxc3 Bd7 7. e3 Nf6 8.
Bd3 Ne4 9. Qc2 g5 10. Bg3 Nxg3 11. hxg3 dxc4 12. Bxc4 g4 13. Nd2 h5 14. Ke2 Qf6
15. Ne4 Qg7 16. Nc5 Na5 17. Nxd7 Nxc4 18. Nc5 Rb8 19. a4 b6 20. Rab1 Ke7 21. Nd3
Na3 22. Qb3 Nxb1 23. Rxb1 h4 24. Qb4+ Kd8 25. a5 hxg3 26. axb6 Rxb6 27. Qa5 Rxb1
28. Qxa7 gxf2 29. Nxf2 Rb2+ 30. Kd3 Qg6+ 31. e4 Kd7 32. Qa4+ Kc8 33. Qa8+ Rb8
34. Qa6+ Kd8 35. Qa7 Rc8 36. Qc5 g3 37. Nh3 Qg7 38. Nf4 Rh1 39. d5 Rd1+ 40. Ke2
Qg4+ 41. Ke3 Re1+ 42. Kd3 Qd1+ 43. Kc4 Rxe4+ 44. Kb5 Qa4# 0-1

[Event "AUTO-ADV-2200"]
[Site "http://www.queenalice.com/game.php?id=953363"]
[Date "2011.6.24"]
[Round "1"]
[White "luiz_gustavo"]
[Black "Agildo_Santos"]
[Result "1-0"]
[WhiteElo "1716"]
[BlackElo "1760"]

1. e4 c5 2. Nf3 d6 3. Nc3 Nc6 4. Bb5 Bd7 5. O-O Nf6 6. h3 e6 7. d3 Be7 8. Bf4
O-O 9. Re1 a6 10. Bxc6 Bxc6 11. Qe2 b5 12. Rad1 b4 13. Nb1 Bb5 14. c4 Bd7 15. d4
cxd4 16. e5 dxe5 17. Bxe5 Qa5 18. Rxd4 Rac8 19. Bxf6 Bxf6 20. Rxd7 Qxa2 21. Rd2
Qxc4 22. Qxc4 Rxc4 23. Ne5 Bxe5 24. Rxe5 Rc1+ 25. Kh2 Rxb1 26. Ra5 g6 27. Rxa6
Rc8 28. Rb6 Rcc1 29. Rxb4 h5 30. Rb7 h4 31. g3 hxg3+ 32. Kxg3 Kg7 33. Rdd7 Kh6
34. Rxf7 Kh5 35. f4 Rg1+ 36. Kf3 Rbf1+ 37. Ke4 Re1+ 38. Kd4 Rd1+ 39. Kc5 Kh4 40.
Rh7+ Kg3 41. Rbe7 Rd5+ 42. Kb4 Kxf4 43. Rxe6 Rd2 44. Rf7+ Kg5 45. Re5+ Kh6 46.
b3 Rg3 47. Ree7 Rdd3 48. Rh7+ Kg5 49. h4+ Kg4 50. Re4+ Kf5 51. Rc4 Rxb3+ 52. Ka5
Rg1 53. Rf7+ Ke6 54. Rfc7 Ra3+ 55. Kb4 1-0

[Event "AUTO-ADV-2200"]
[Site "http://www.queenalice.com/game.php?id=953364"]
[Date "2011.6.24"]
[Round "1"]
[White "Agildo_Santos"]
[Black "luiz_gustavo"]
[Result "1/2-1/2"]
[WhiteElo "1828"]
[BlackElo "1742"]

1. d4 d5 2. c4 c6 3. Nc3 Nf6 4. cxd5 cxd5 5. Bg5 h6 6. Bxf6 exf6 7. Nf3 Nc6 8.
e3 Bb4 9. Be2 O-O 10. O-O Bg4 11. a3 Ba5 12. b4 Bb6 13. h3 Bh5 14. Nh4 Bxe2 15.
Qxe2 Re8 16. Rac1 a6 17. Nf5 Bxd4 18. Nxd4 Nxd4 19. Qd3 Nc6 20. Qxd5 Qxd5 21.
Nxd5 Rad8 22. Rfd1 Kf8 23. Nc7 Rxd1+ 24. Rxd1 Rc8 25. Nd5 Ne5 26. Rd4 Rc1+ 27.
Kh2 Ra1 28. f4 Nc6 29. Rd3 Na7 30. Nc7 g5 31. Nd5 Kg7 32. Ne7 Nb5 33. Nf5+ Kh7
34. Nd6 Nxd6 35. Rxd6 Rxa3 36. Rxf6 Kg7 37. fxg5 Rxe3 38. Rxh6 Re5 39. h4 Re4
40. Rb6 Rxh4+ 41. Kg3 Rc4 42. Rxb7 Rc6 43. Ra7 Rb6 44. Kf3 Kg6 45. Kf2 f5
1/2-1/2

[Event "AUTO-ADV-2200"]
[Site "http://www.queenalice.com/game.php?id=953375"]
[Date "2011.6.24"]
[Round "1"]
[White "Agildo_Santos"]
[Black "danote"]
[Result "1/2-1/2"]
[WhiteElo "1832"]
[BlackElo "1725"]

1. d4 g6 2. c4 d6 3. Nc3 Nf6 4. e4 Bg7 5. g3 b6 6. Bg2 a5 7. Nge2 Bb7 8. O-O h5
9. h4 Qc8 10. d5 Ba6 11. Nb5 e6 12. Bh3 Nxe4 13. Qc2 Nc5 14. Be3 Bxb5 15. cxb5
Nbd7 16. Nf4 O-O 17. Bxc5 Nxc5 18. Rae1 Qe8 19. dxe6 fxe6 20. Nxe6 Nxe6 21.
Bxe6+ Kh8 22. Qxc7 Be5 23. Bd5 Rb8 24. a4 Qc8 25. Qc6 Qh3 26. Bg2 Qg4 27. Qe4
Bxb2 28. Qxg4 hxg4 29. Re6 Rf6 30. Rfe1 Kh7 31. Bc6 Bd4 32. Rxf6 Bxf6 33. Re6
Be5 34. Kg2 Kh6 35. f4 Bb2 36. Rxd6 Rf8 37. Be4 Rf6 38. Rxf6 Bxf6 39. f5 gxf5
40. Bxf5 Kh5 41. Kf2 1/2-1/2

[Event "AUTO-ADV-2200"]
[Site "http://www.queenalice.com/game.php?id=953376"]
[Date "2011.6.24"]
[Round "1"]
[White "danote"]
[Black "Agildo_Santos"]
[Result "0-1"]
[WhiteElo "1729"]
[BlackElo "1768"]

1. e4 c5 2. Bc4 Nc6 3. Nf3 d6 4. h3 Nf6 5. Nc3 e6 6. a4 Be7 7. g4 Nxe4 8. Nxe4
O-O 9. Ng3 d5 10. Bb5 Bd7 11. Bxc6 Bxc6 12. Ne5 f6 13. Nxc6 bxc6 14. h4 f5 15.
g5 Bxg5 16. hxg5 Qxg5 17. Rh5 Qg6 18. d3 f4 19. Nf1 f3 20. Rg5 Qf7 21. Nd2 Qf4
22. Nf1 Qh4 23. Be3 d4 24. Bd2 c4 25. dxc4 Qe4+ 26. Ne3 dxe3 27. Bxe3 Qxc4 28.
Qd2 Rad8 29. b3 Qh4 30. Rxg7+ Kxg7 31. Bh6+ Qxh6 32. Qxh6+ Kxh6 33. c4 Rg8 34.
Kf1 Rg2 0-1

[Event "AUTO-INT-2068"]
[Site "http://www.queenalice.com/game.php?id=953419"]
[Date "2011.6.24"]
[Round "1"]
[White "lafasouza"]
[Black "Agildo_Santos"]
[Result "0-1"]
[WhiteElo "1701"]
[BlackElo "1803"]

1. d4 d5 2. e3 Nf6 3. Nf3 e6 4. Bd2 c5 5. Bb5+ Bd7 6. Qe2 Be7 7. dxc5 Bxc5 8.
Ne5 O-O 9. Bxd7 Nbxd7 10. Nxd7 Qxd7 11. Nc3 b5 12. Nxb5 Rab8 13. a4 Ne4 14. b4
Be7 15. f3 Nxd2 16. Qxd2 Bf6 17. Rb1 Rbc8 18. O-O a6 19. Nd4 Rc4 20. Ra1 Rfc8
21. Rfc1 e5 22. Nb3 e4 23. fxe4 Bxa1 24. Nxa1 Rxe4 25. a5 d4 26. exd4 Rxd4 27.
Qe2 Rd2 28. Qf3 Qd4+ 29. Kh1 Qxb4 30. c3 Qb2 31. Rd1 Rxd1+ 32. Qxd1 Qxc3 33. Qg1
Qc1 34. Nb3 Qxg1+ 35. Kxg1 Rb8 36. Nc5 Rb5 37. Nxa6 Rxa5 38. Nb4 f6 39. Nc6 Rc5
40. Nd4 Kf7 41. h3 Kg6 42. g4 h5 43. Ne6 Rc1+ 44. Kg2 hxg4 45. Nf4+ Kf5 46. Nd3
gxh3+ 47. Kxh3 Rc3 48. Kh4 Rxd3 49. Kh5 Rh3# 0-1

[Event "AUTO-INT-2068"]
[Site "http://www.queenalice.com/game.php?id=953420"]
[Date "2011.6.24"]
[Round "1"]
[White "Agildo_Santos"]
[Black "lafasouza"]
[Result "1-0"]
[WhiteElo "1815"]
[BlackElo "1689"]

1. d4 d5 2. c4 e6 3. Nf3 Nf6 4. e3 Bb4+ 5. Nc3 Bxc3+ 6. bxc3 Bd7 7. Bd3 Nc6 8.
O-O Ne4 9. Qc2 f5 10. Ba3 g5 11. cxd5 exd5 12. c4 g4 13. Nd2 Be6 14. cxd5 Bxd5
15. f3 gxf3 16. Nxf3 h5 17. Nd2 Qg5 18. Rf4 Rg8 19. Nf3 Qg6 20. Nh4 Qg7 21. Nxf5
Qd7 22. Bxe4 O-O-O 23. Bxd5 Qxd5 24. Qe4 Qxe4 25. Rxe4 Rde8 26. Rxe8+ Rxe8 27.
Rf1 b6 28. Rf4 a5 29. d5 Ne5 30. Re4 Kd8 31. Be7+ Rxe7 32. Nxe7 Kxe7 33. Rxe5+
Kd6 34. Rxh5 a4 35. Rf5 b5 36. h4 b4 37. h5 b3 38. axb3 axb3 39. Rf1 Kxd5 40. h6
c5 41. h7 c4 42. h8=Q Ke4 43. Qc3 Kd5 44. Qd4+ Kc6 45. Qxc4+ Kd6 46. Rf6+ Ke7
47. Qe6+ Kd8 48. Rf7 b2 49. Qd7# 1-0